000 00642nab a2200193 a 4500
005 20210219161717.0
008 991125s1985 mx 000 0 spa u
035 _aUPN01000190587
100 1 _aCelada Perandones, Pablo
222 _aREVISTA DE CIENCIAS DE LA EDUCACION
245 _aLa aportación al patrimonio histórico-educativo de las fundaciones benéfico-docentes : el caso de la Fundación Sierra-Pambley de León
260 _aMadrid, España
300 _a303-324
362 0 _a2012 Nos. 231-232, jul.-dic.
653 0 _aPATRIMONIO HISTORICO EDUCATIVO
653 0 _aMUSEOS
653 0 _aBIBLIOTECAS
905 _aArticulo
999 _c162690
_d162690